000 00579nam a22002057a 4500
005 20251108174916.0
008 250721s2006 xx 000 0 ara d
020 _a9773561399
082 1 4 _a615.84/تيم
100 1 _aتيمور، أحمد
_eمؤلف
245 1 0 _aالأوزون بين الطب و الطبيعة /
264 1 _aالجيزة :
_bهلا للنشر و التوزيع،
_c2006.
300 _a143ص.
650 1 7 _aالأوزون
650 1 7 _aالمؤكسدات
650 1 7 _aالطب
650 1 7 _aالعلاج
942 _2ddc
_cBK
999 _c121255
_d121255